000 00470nam a2200169 a 4500
001 000023622
005 20200930022345.0
008 101215s1952 txu r 000 0 spa d
040 _aDO-SdBNP
_bspa
_cBNPHU
082 _annnn
_bD261e, 1952
100 1 _aJ. E. Davis,
_d1873-
_948677
245 1 3 _aEl evangelismo /
_cJ. E. Davis.
250 _a2a ed.
260 _aEl Paso, Texas :
_bCasa Bautista de Publicaciones,
_c1952.
300 _a243 p. ;
_c19 cm.
049 _aBNGR
999 _c23118
_d23118